Физические основы молекулярной биологии: учебное пособие: пер. с англ.

Dades bibliogràfiques
Autor principal: Уэй Т. Том
Sumari:Книга Т. Уэя не имеет аналогов в мировой литературе. Она содержит достаточно полный обзор современного состояния физики биологически важных молекул. Изложение основано на физических и инженерных подходах и моделях. Автор приводит множество примеров количественных расчетов и оценок характеристик биомолекулярных систем. Книга снабжена большим количеством иллюстраций, облегчающих восприятие материала.Лучшему усвоению материала способствуют также задачи и вопросы, содержащиеся в большинстве разделов и снабженные решениями и ответами. Учебное пособие будет очень полезно студентам старших курсов различных специальностей, занимающимся изучением механизмов биологических процессов и свойств полимеров, включая биополимеры. Одновременно эта книга адресована специалистам в области молекулярной биофизики, а также всем физикам, интересующимся молекулярной биологией.
Idioma:rus
Publicat: Долгопрудный, Интеллект, 2010
Matèries:
Format: Llibre
KOHA link:https://koha.lib.tpu.ru/cgi-bin/koha/opac-detail.pl?biblionumber=181158

MARC

LEADER 00000nam0a2200000 4500
001 181158
005 20231101223612.0
010 |a 9785915590587 
035 |a (RuTPU)RU\TPU\book\196375 
090 |a 181158 
100 |a 20100602d2010 m y0rusy50 ca 
101 1 |a rus  |c eng 
102 |a RU 
105 |a a j 000zy 
200 1 |a Физические основы молекулярной биологии  |e учебное пособие: пер. с англ.  |f Т. Уэй 
210 |a Долгопрудный  |c Интеллект  |d 2010 
215 |a 363 с.  |c ил. 
330 |a Книга Т. Уэя не имеет аналогов в мировой литературе. Она содержит достаточно полный обзор современного состояния физики биологически важных молекул. Изложение основано на физических и инженерных подходах и моделях. Автор приводит множество примеров количественных расчетов и оценок характеристик биомолекулярных систем. Книга снабжена большим количеством иллюстраций, облегчающих восприятие материала.Лучшему усвоению материала способствуют также задачи и вопросы, содержащиеся в большинстве разделов и снабженные решениями и ответами. Учебное пособие будет очень полезно студентам старших курсов различных специальностей, занимающимся изучением механизмов биологических процессов и свойств полимеров, включая биополимеры. Одновременно эта книга адресована специалистам в области молекулярной биофизики, а также всем физикам, интересующимся молекулярной биологией. 
606 1 |a Молекулярная биофизика  |2 stltpush  |3 (RuTPU)RU\TPU\subj\44289  |9 63646 
610 1 |a молекулярная биология 
610 1 |a физические основы 
610 1 |a строительные блоки 
610 1 |a мезоскопические силы 
610 1 |a фазовые переходы 
610 1 |a жидкие кристаллы 
610 1 |a агрегация 
610 1 |a самосборка 
610 1 |a поверхностные явления 
610 1 |a биомакромолекулы 
610 1 |a ионы 
610 1 |a заряженные полимеры 
610 1 |a мембраны 
610 1 |a сплошные среды 
610 1 |a механика 
610 1 |a биореология 
610 1 |a экспериментальные методы 
610 1 |a структурные биоматериалы 
610 1 |a ДНК 
610 1 |a фазовые состояния 
610 1 |a учебные пособия 
610 1 |a биология 
610 1 |a биополимеры 
675 |a 577.32(075.8)  |v 3 
700 1 |a Уэй  |b Т.  |g Том 
801 1 |a RU  |b 63413507  |c 20100602 
801 2 |a RU  |b 63413507  |c 20150605  |g RCR 
942 |c BK 
959 |a 36/20100602  |d 5  |e 990,00  |f АНЛ:1  |f ЧЗТЛ:1  |f УФ:3